000 00616nam a2200205Ia 4500
003 OSt
005 20220926030802.0
006 a|||||r|||| 00| 0
007 ta
008 220923b |||||||| |||| 00| 0 eng d
037 _cGeneral Book
040 _aRTL
_cRTL
_beng
041 _2eng
_aeng
082 _aX:991.243S.N7, L1
245 0 _aEconomic and ststistical oranigation
_b Basic manpower statistics,publiction no.116
260 _aPunjab
_bEconomic adviser to governmant
_c1971
300 _axiv 201p
_ccm.
942 _hX:991.243S.N7, L1
_cGB
_2CC
999 _c650696
_d650696